000 00776nmc a2200289 a 4500
003 AR-BaBNM
005 20251128205107.0
008 286019s1993 ||||||||||||||000 | spa||
020 _a84-7509-845-2
040 _cAR-BaBNM
100 1 _aAcland, Andrew Floyer
245 1 0 _aCómo utilizar la mediación para resolver conflictos en las organizaciones
250 _a1ª ed.
260 _aBuenos Aires
_bPaidós
_c1993
490 0 _aEmpresa
_vv. 15
504 _aBibliografía p. 337-344
650 4 _aORGANIZACIONES
650 4 _aMEDIACION
650 4 _aCONFLICTO LABORAL
650 4 _aESTRATEGIAS
650 4 _aRECUPERACION DE DATOS
650 4 _aMEDIADOR
650 4 _aCONCILIACION
700 1 _aLópez, Beatriz
_edirector
942 _cBK
998 _cCarmen
999 _c9963
_d9963